000 00359nam a2200133Ia 4500
008 240624s9999 xx 000 0 und d
041 _aeng
082 _a301.36 AHL
100 _aAHLUWALIA ISHER JUDGE
245 _aURBANISATION IN INDIA CHALLENGES OPPORTU
260 _c2014
_aNew Delhi
_bSage India
300 _axx, : 337 : p. : cm. ; 22
365 _cRS
_b40
999 _c23293
_d23293